Career Path - England Edition - Statistics

General Stats
  • This quiz has been taken 27 times
  • The average score is 11 of 20
Answer Stats
Hint Answer % Correct
2012–2014 Sporting CP B 2012–2014 Sporting CP 2014–2024 Tottenham Hotspur 2024 → Bayern Munich (loan) 2024–2025 Bayern Munich 2025– Monaco Eric Dier
85%
2010–2011 Southampton 2011–2017 Arsenal 2017–2023 Liverpool 2023–2025 Beşiktaş Alex Oxlade-Chamberlain
75%
2009–2011 AFC Bournemouth 2010 → Dorchester Town (loan) 2011–2015 Burnley 2015–2019 Liverpool 2018–2019 → Southampton (loan) 2019–2021 Southampton 2021–2023 Aston Villa 2023–2025 West Ham United 2025– Sheffield United Danny Ings
65%
2003–2006 Shrewsbury Town 2006–2018 Manchester City 2007 → Tranmere Rovers (loan) 2007 → Blackpool (loan) 2009–2010 → Birmingham City (loan) 2016–2017 → Torino (loan) 2017–2018 → West Ham United (loan) 2018–2020 Burnley 2020–2021 Tottenham Hotspur 2021–2024 Celtic Joe Hart
65%
2005–2015 Manchester City 2014–2015 → Fiorentina (loan) 2015–2019 Aston Villa Micah Richards
65%
2013–2016 Coventry City 2016–2018 Norwich City 2016 → Coventry City (loan) 2016–2017 → Aberdeen (loan) 2018–2023 Leicester City 2023– Tottenham Hotspur James Maddison
60%
2014–2023 Chelsea 2017–2018 → Crystal Palace (loan) 2020–2021 → Fulham (loan) 2023– AC Milan Ruben Loftus-Cheek
60%
2022–2024 Blackburn Rovers 2024– Crystal Palace Adam Wharton
55%
2000–2001 Racing Club Warwick 2001–2005 Stoke City 2002 → Bristol City (loan) 2002–2003 → Tiverton Town (loan) 2004 → Stafford Rangers (loan) 2004 → Kidderminster Harriers (loan) 2005 → Wrexham (loan) 2005–2010 Manchester United 2005–2006 → Watford (loan) 2006–2007 → Watford (loan) 2010–2012 Birmingham City 2011–2012 → West Bromwich Albion (loan) 2012–2018 West Bromwich Albion 2018–2022 Watford 2023 Wrexham Ben Foster
55%
2003–2005 Leeds United 2005–2008 Liverpool 2006 → Sheffield Wednesday (loan) 2006–2007 → Charlton Athletic (loan) 2007–2008 → Aston Villa (loan) 2008–2011 West Bromwich Albion 2011–2013 Bursaspor 2013–2015 Wigan Athletic 2015–2021 Derby County 2019–2021 → Manchester City (loan) 2021–2025 Manchester City Scott Carson
55%
2010–2013 Crystal Palace 2013–2015 Manchester United 2013 → Crystal Palace (loan) 2014 → Cardiff City (loan) 2014–2015 → Crystal Palace (loan) 2015–2023 Crystal Palace 2023– Galatasaray 2024–2025 → Lyon (loan) 2025– → Charlotte FC (loan) Wilfred Zaha(note: played 2 games for England, between 2012-13)
55%
2017–2020 Manchester United 2020–2025 Lille 2020–2021 → Boavista (loan) 2025– Marseille Angel Gomes
50%
2017–2023 Everton 2021 → Preston North End (loan) 2023– Newcastle United Anthony Gordon
50%
2004–2008 Aston Villa 2004–2005 → Burnley (loan) 2007 → Sheffield United (loan) 2008–2012 Bolton Wanderers 2012–2019 Chelsea 2019–2021 Crystal Palace 2021–2022 AFC Bournemouth Gary Cahill
50%
2005–2006 Southampton 2006–2018 Arsenal 2018–2021 Everton 2020–2021 → Southampton (loan) 2021–2023 Southampton Theo Walcott
50%
2006–2011 Newcastle United 2007–2008 → Preston North End (loan) 2011–2013 Liverpool 2012–2013 → West Ham United (loan) 2013–2019 West Ham United 2019–2021 Newcastle United 2021–2022 Reading 2022 West Bromwich Albion 2022–2023 Reading 2023–2024 Amiens 2024–2025 Bordeaux 2025– Dagenham & Redbridge Andy Carroll
45%
2010– Brighton & Hove Albion 2010 → Bognor Regis Town (loan) 2013 → Bristol City (loan) Lewis Dunk
45%
2008–2011 Tranmere Rovers 2011–2014 Ipswich Town 2014–2025 West Ham United 2025– Stoke City Aaron Cresswell
40%
2014–2023 Arsenal 2015–2016 → Ipswich Town (loan) 2021 → West Bromwich Albion (loan) 2022 → Roma (loan) 2022–2023 → Southampton (loan) 2023– Lyon Ainsley Maitland-Niles
40%
2011–2023 Southampton 2023– West Ham United 2024–2025 → Nottingham Forest (loan) James Ward-Prowse
40%
No matching quizzes found
Score Distribution
Percent of People with Each Score
Percentile by Number Answered
Your Score History
You have not taken this quiz